| 000 | 00351cam a2200145ua 4500 | ||
|---|---|---|---|
| 020 | _a0080325580 | ||
| 082 |
_a628.212 _bMAK/UR |
||
| 245 | _aUrban Drainage Modelling / | ||
| 250 | _a1 / | ||
| 260 |
_aOxford : _bPergamon Press , _c1986. |
||
| 300 | _a540 ; . | ||
| 700 | 1 |
_aMaksimovic, C .. _91547 |
|
| 700 | 1 |
_aRadojkovic, M _91548 |
|
| 942 | _cREF | ||
| 999 |
_c7053 _d7053 |
||